| 000 | 00981nam a22003017a 4500 | ||
|---|---|---|---|
| 003 | CHAP | ||
| 005 | 20220817042517.0 | ||
| 008 | 971013s1973 r 00010 d | ||
| 010 | _a46765 | ||
| 011 | _a47737 | ||
| 035 | _a51880 | ||
| 040 | _cCHAP | ||
| 082 |
_a631.6058 _bF36 1973 |
||
| 110 | _aFAO | ||
| 245 | _aRepertorio internacional de instituciones de ingeniería rural | ||
| 260 |
_aRoma : _bFAO, _c1973 |
||
| 300 | _a537 p. | ||
| 590 |
_aBATCH-UPD _b10 _c20130110 _lUCH01 _h0207 |
||
| 590 |
_aBATCH-UPD _b10 _c20130409 _lUCH01 _h2219 |
||
| 590 |
_aBATCH-UPD _b10 _c20130914 _lUCH01 _h1639 |
||
| 590 |
_aCONVERSION _b10 _c20130109 _lUCH01 _h1326 |
||
| 650 | 1 | 4 |
_aIngeniería agrícola _xDirectorios. _958200 |
| 901 | _aBK | ||
| 942 | _cLIBRO | ||
| 949 |
_a631.6058 F36 1973 _bBC _cFAO _d-115871 _eFAO1 _h31024 _i51880 _si |
||
| 949 |
_a631.6058 F36 1973 _bBC _cFAO _d-115874 _eFAO2 _fc.2 _h34403 _i51880 _si |
||
| 949 |
_a631.6058 F36 1973 _bBC _cFAO _d-115876 _eFAO2 _fc.3 _h37809 _i51880 _si |
||
| 999 |
_c46765 _d46765 |
||